书目信息 |
| 题名: |
拉吉夫·甘地
|
|
| 作者: | 阿卢瓦里亚 , Ahluwalia , 阿卢瓦里亚 , Ahluwalia 著 ;肖耀先 译 | |
| 分册: | ||
| 出版信息: | 上海 上海人民出版社 1986 |
|
| 页数: | 156页 | |
| 开本: | 20cm | |
| 丛书名: | ||
| 单 册: | ||
| 中图分类: | K833.517.5 | |
| 科图分类: | ||
| 主题词: | 历史 , 地理 | |
| 电子资源: | ||
| ISBN: | ||
| 000 | 00907nam0 2200301 45 | |
| 001 | 0186004878 | |
| 005 | 20040511173558.5 | |
| 010 | @dCNY1.10 | |
| 091 | @a11074.713 | |
| 100 | @a19951114d1986 em y0chiy0121 ea | |
| 101 | 1 | @achi@cinc |
| 102 | @aCN@b310000 | |
| 105 | @ac z 000yy | |
| 106 | @ar | |
| 200 | 10 | @a拉吉夫·甘地@e一个英勇的形象@Ala ji fu gan di@f(印)阿卢瓦里亚(Ahluwalia,B.K.),(印)阿卢瓦里亚(Ahluwalia,S.)著@g肖耀先译 |
| 210 | @a上海@c上海人民出版社@d1986 | |
| 215 | @a156页@c肖像及照片@d20cm | |
| 606 | 0 | @a历史 |
| 606 | 0 | @a地理 |
| 690 | @aK833.517.5 | |
| 701 | 1 | @a阿卢瓦里亚@bB.K.@4著@Aa lu wa li ya |
| 701 | A1 | @aAhluwalia@bB.K.@4著 |
| 701 | 1 | @a阿卢瓦里亚@bS.@4著@Aa lu wa li ya |
| 701 | A1 | @aAhluwalia@bS.@4著 |
| 702 | 0 | @a肖耀先@4译@Axiao yao xian |
| 801 | 0 | @aCN@b深圳图书馆@c20040511 |
| 801 | 2 | @aCN@bNLC@c20040511 |
| 905 | @f2@b155557-558@dK833.517.5@e136 | |
| 拉吉夫·甘地:一个英勇的形象/(印)阿卢瓦里亚(Ahluwalia,B.K.),(印)阿卢瓦里亚(Ahluwalia,S.)著/肖耀先译.-上海:上海人民出版社,1986 |
| 156页:肖像及照片;20cm |
| ISBN :CNY1.10 |
| ● |
| 相关链接 |
|
|
|
|
正题名:拉吉夫·甘地
索取号:K833.517.5/136
 
预约/预借
| 序号 | 登录号 | 条形码 | 馆藏地/架位号 | 状态 | 备注 |
| 1 | 0155557 | 001543896 | 密集书库/ [索取号:K833.517.5/136] | 在馆 | |
| 2 | 0155558 | 001543976 | 密集书库/ [索取号:K833.517.5/136] | 在馆 | |
| 3 | 0155559 | 001543930 | 第二样本阅览室/ [索取号:K833.517.5/136] | 在馆 |